Grófka Gizela

Bibliographic Details
Main Author: Marlitt, Eugenie, 1825-1887 (Author)
Other Authors: Kontrišová, Margareta (Translator)
Format: Book
Language:Slovak
German
PhysicalDescription:58 s. 20 cm
Published: Praha Ivo Železný 1993
ISBN:8071169188
Edition:1. slov. vyd.
Series:Večná pieseň lásky
Subjects:

MARC

LEADER 00000cam a2200000 a 4500
001 vtls001142083
003 SK-MaSNL
005 20260301111857.0
008 220512s1993 xr e 0000f slo
015 |a SNBA/1993 
020 |a 8071169188  |q (brož.) 
035 |a SNK000084936 
035 |a urn:nbn:sk:snk-amjuab 
035 |a urn:nbn:sk:snk-am0081gv 
035 |a EE4F77AE-9A4D-4736-98A8-6BD2C49AF70A 
040 |a SNK  |b slo  |a SNK  |e AACR2  |c SNK 
041 1 |a slo  |h ger 
044 |a xr  |c CZ 
080 |a 830-31=854  |2 1981 
100 1 |a Marlitt, Eugenie,  |d 1825-1887  |4 aut  |9 61490 
245 1 0 |a Grófka Gizela  |c Eugenie Marlitt ; [preložila Margareta Kontrišová 
250 |a 1. slov. vyd. 
260 |a Praha  |b Ivo Železný  |c 1993 
300 |a 58 s.  |c 20 cm 
490 1 |a Večná pieseň lásky  |v zv. 4 
655 7 |a nemecké romány  |2 SNKPH  |9 70433 
700 1 |a Kontrišová, Margareta  |4 trl  |9 48893 
830 0 |a Večná pieseň lásky  |9 281883 
919 |a 80-7116-918-8 
954 |a beletria cudzojazyčná (svetová)  |2 lita 
999 |c 708693  |d 710623 
952 |t P60, <05>, [BOOK], {605}  |a SNK  |b SNK  |y PREZ  |7 0  |p 17A0350332  |o snkSD 65433 D1  |0 0  |1 0  |4 0  |d 2002-08-09  |f 1  |l 0  |r 2005-01-01 00:00:00  |w 2026-02-23 
952 |a SNK  |b SNK  |y PREZ  |7 0  |p 17A1034735  |o snkSD 65433   |0 0  |1 0  |4 0  |d 2013-07-19  |l 0  |r 2026-02-23 21:24:22  |w 2026-02-23